000 00341 a2200169 4500
001 192332
020 _a978-85-250-5276-6
040 _cMagnum
100 _aLobato, Monteiro
240 1 0 _aO medo
_lpor
245 1 0 _aO medo
300 _a39
362 0 _a2012
440 1 _aGlobo
697 _aLITERATURA INFANTO-JUVENIL
942 _cBK
999 _c192332
_d192332